[Event "London Classic op U2050 9th"]
[Site "London"]
[Date "2017.12.08"]
[Round "5"]
[White "Diakov, Georgi"]
[Black "Matsumura, Cocoro"]
[Result "0-1"]
[WhiteElo "1763"]
[BlackElo "1638"]
[PlyCount "46"]
[EventDate "2017.12.04"]
[EventType "swiss"]
[EventRounds "5"]
[EventCountry "ENG"]
[SourceTitle "CBM 182 Extra"]
[Source "ChessBase"]
[SourceDate "2018.02.23"]
[SourceVersion "1"]
[SourceVersionDate "2018.02.23"]
[SourceQuality "1"]

1. e4 c5 2. Nf3 d6 3. d4 cxd4 4. Nxd4 Nf6 5. Nc3 a6 6. Bg5 e6 7. Bc4 b5 8. Qf3 Ra7 9. Bb3 Bb7 10. 0-0-0 b4 11. Bxf6 gxf6 12. Nxe6 fxe6 13. Bxe6 Ke7 14. Nd5+ Kxe6 15. Qf5+ Kf7 16. e5 Bxd5 17. Rxd5 Nc6 18. Qh5+ Ke6 19. exf6 Qxf6 20. Re1+ Ne5 21. Rdxe5+ dxe5 22. Qg4+ Kf7 23. Qc4+ Qe6 0-1

[Event "London Classic op U2050 9th"]
[Site "London"]
[Date "2017.12.06"]
[Round "3"]
[White "Mondal, Prince"]
[Black "Diakov, Georgi"]
[Result "1-0"]
[WhiteElo "1836"]
[BlackElo "1763"]
[PlyCount "85"]
[EventDate "2017.12.04"]
[EventType "swiss"]
[EventRounds "5"]
[EventCountry "ENG"]
[SourceTitle "CBM 182 Extra"]
[Source "ChessBase"]
[SourceDate "2018.02.23"]
[SourceVersion "1"]
[SourceVersionDate "2018.02.23"]
[SourceQuality "1"]

1. e4 e5 2. Nf3 Nc6 3. Bb5 a6 4. Ba4 b5 5. Bb3 Nf6 6. d3 Be7 7. c3 0-0 8. Nbd2 d5 9. h3 dxe4 10. dxe4 Bb7 11. 0-0 Na5 12. Bc2 Re8 13. Qe2 Bd6 14. Rd1 c5 15. Nf1 Qe7 16. Ng3 Rad8 17. Bg5 h6 18. Nf5 Qe6 19. Bxh6 Nxe4 20. Nxg7 Qxh6 21. Nxe8 Ng5 22. Nxg5 Qxg5 23. Qg4 Qxg4 24. Nf6+ Kg7 25. Nxg4 Nc6 26. Be4 Bc7 27. Rxd8 Nxd8 28. Bxb7 Nxb7 29. Rd1 Bd6 30. Ne3 Kg6 31. g4 c4 32. Nf5 Bc5 33. Rd5 e4 34. Rd7 Na5 35. h4 b4 36. h5+ Kf6 37. h6 Kg6 38. Rxf7 e3 39. Rg7+ Kf6 40. Nxe3 Bf8 41. g5+ Ke6 42. Rg8 Kf7 43. h7 1-0

[Event "London Classic op U2050 9th"]
[Site "London"]
[Date "2017.12.05"]
[Round "2"]
[White "Diakov, Georgi"]
[Black "Risicato, Alfredo"]
[Result "1-0"]
[WhiteElo "1763"]
[BlackElo "1879"]
[PlyCount "81"]
[EventDate "2017.12.04"]
[EventType "swiss"]
[EventRounds "5"]
[EventCountry "ENG"]
[SourceTitle "CBM 182 Extra"]
[Source "ChessBase"]
[SourceDate "2018.02.23"]
[SourceVersion "1"]
[SourceVersionDate "2018.02.23"]
[SourceQuality "1"]

1. e4 c5 2. Nf3 Nc6 3. d4 cxd4 4. Nxd4 e5 5. Nf3 Nf6 6. Bg5 Be7 7. Nc3 d6 8. Bc4 Be6 9. Bxe6 fxe6 10. Qd2 0-0 11. 0-0-0 a6 12. h4 Qc7 13. Kb1 Rfd8 14. Rh3 b5 15. Bxf6 Bxf6 16. Ng5 Nd4 17. Ne2 Qe7 18. Nxd4 exd4 19. f4 h6 20. g4 Rac8 21. Nf3 Qc7 22. g5 hxg5 23. hxg5 Be7 24. g6 Bf6 25. Qh2 Kf8 26. e5 d3 27. Rh8+ Ke7 28. exf6+ Kxf6 29. Qh4+ Kf5 30. Rh5+ Ke4 31. Nd2+ Kd4 32. c3+ Qxc3 33. bxc3+ Kxc3 34. Rc1+ Kb4 35. Rxc8 Rxc8 36. f5+ Ka3 37. Qd4 b4 38. Qb2+ Ka4 39. Qb3+ Ka5 40. Nc4+ Kb5 41. Nxd6+ 1-0

[Event "Seefeld op 18th"]
[Site "Seefeld"]
[Date "2007.09.04"]
[Round "4"]
[White "Becker, Joerg2222"]
[Black "Diakov, Georgi"]
[Result "1-0"]
[WhiteElo "1952"]
[BlackElo "1422"]
[PlyCount "65"]
[EventDate "2007.09.01"]
[EventType "swiss"]
[EventRounds "9"]
[EventCountry "AUT"]
[SourceTitle "EXT 2009"]
[Source "ChessBase"]
[SourceDate "2008.11.26"]
[SourceVersion "1"]
[SourceVersionDate "2008.11.26"]
[SourceQuality "1"]

1. d4 Nf6 2. c4 e6 3. Nc3 Bb4 4. f3 c5 5. dxc5 Bxc3+ 6. bxc3 Nc6 7. Qd6 Qe7 8. e4 0-0 9. Be3 e5 10. Nh3 Qd8 11. Nf2 Ne8 12. Qd2 d6 13. Rd1 Qa5 14. cxd6 Nxd6 15. Qxd6 Rd8 16. Qc5 Qxc3+ 17. Bd2 Rxd2 18. Rxd2 Be6 19. Nd1 Qc1 20. Qb5 Bxc4 21. Qxc4 Qxc4 22. Bxc4 Nd4 23. 0-0 b5 24. Rxd4 exd4 25. Bxb5 Rc8 26. Nf2 Rb8 27. a4 Rb6 28. Rd1 Rd6 29. Bc4 a5 30. Bd5 Rb6 31. Rxd4 Rb4 32. Rxb4 axb4 33. Nd3 1-0

[Event "Seefeld op 18th"]
[Site "Seefeld"]
[Date "2007.09.02"]
[Round "2"]
[White "Duric, Rajko"]
[Black "Diakov, Georgi"]
[Result "0-1"]
[WhiteElo "1877"]
[BlackElo "1422"]
[PlyCount "122"]
[EventDate "2007.09.01"]
[EventType "swiss"]
[EventRounds "9"]
[EventCountry "AUT"]
[SourceTitle "EXT 2009"]
[Source "ChessBase"]
[SourceDate "2008.11.26"]
[SourceVersion "1"]
[SourceVersionDate "2008.11.26"]
[SourceQuality "1"]

1. e4 e5 2. Nf3 Nc6 3. d4 exd4 4. Nxd4 d6 5. Bc4 Nf6 6. Nc3 Bd7 7. 0-0 Be7 8. Be3 0-0 9. Nxc6 Bxc6 10. Bd3 Re8 11. f4 Bf8 12. Qf3 d5 13. exd5 Nxd5 14. Nxd5 Bxd5 15. Qh3 Be4 16. Rad1 Qf6 17. Bc1 Bxd3 18. Rxd3 Bc5+ 19. Kh1 Rad8 20. Qf3 Rxd3 21. Qxd3 Qe6 22. h3 Qe2 23. Qxe2 Rxe2 24. c3 f5 25. Kh2 h5 26. Kg3 Bd6 27. Kf3 Re4 28. g4 hxg4+ 29. hxg4 g6 30. gxf5 gxf5 31. Be3 Kf7 32. Rg1 Ke6 33. Rg6+ Kf7 34. Rg5 Kf6 35. Bd4+ Be5 36. Be3 Bd6 37. Rh5 Kg6 38. Rh8 b6 39. b3 a5 40. Rh1 Re7 41. Rd1 Re6 42. Rg1+ Kf7 43. Rg5 Kf6 44. Bd4+ Be5 45. Rg8 Bxd4 46. cxd4 Re7 47. Rf8+ Kg6 48. Rh8 Kf7 49. Rh7+ Kf6 50. Rxe7 Kxe7 51. Ke3 Ke6 52. a4 c6 53. Ke2 Kd6 54. Ke3 Kd5 55. Kd3 b5 56. Kc3 Ke4 57. axb5 cxb5 58. d5 Kxd5 59. Kd3 a4 60. bxa4 bxa4 61. Kc3 Ke4 0-1